|
|
|
|
| LEADER |
01037pam a22003138a 4500 |
| 001 |
00044915 |
| 005 |
20191016151024.0 |
| 008 |
131216s2013 ||||||viesd |
| 020 |
# |
# |
|c 140000
|a 978 604 1 132 03 0
|
| 041 |
0 |
# |
|a vie
|
| 082 |
1 |
4 |
|a 338.761 025 04
|b G432C
|
| 100 |
0 |
# |
|a Schmidt, Eric
|e 1955 -
|
| 242 |
# |
# |
|a How Google works
|
| 245 |
0 |
0 |
|c Eric Schmidt; Jonathan rosenberrg; Alan Eagle; Dương Thùy Dung ( dịch)
|a Google cách quản trị một công ty sáng tạo
|
| 250 |
# |
# |
|a Tái bản lần thứ 1
|
| 260 |
# |
# |
|a Tp. Hồ Chí Minh
|b Trẻ
|c 2019
|
| 300 |
# |
# |
|a 336 tr.
|c 23 cm
|
| 653 |
# |
# |
|a Google Công ty
|
| 653 |
# |
# |
|a công nghiệp Internet
|
| 653 |
# |
# |
|a Quản lý
|
| 653 |
# |
# |
|a Hư cấu
|
| 653 |
# |
# |
|a Hoa kỳ
|
| 700 |
# |
# |
|a Dương, Thùy Dung ( dịch)
|
| 700 |
# |
# |
|e Dịch
|
| 700 |
# |
# |
|a Rosenberrg, Jonathan
|
| 700 |
# |
# |
|a Eagle, Alan
|
| 852 |
# |
# |
|j KD.0026558
|
| 910 |
# |
# |
|d 16/10/2019
|
| 980 |
# |
# |
|a Trung tâm Học liệu Lê Vũ Hùng, Trường Đại học Đồng Tháp
|